Respuestas del derecho de daños al incumplimiento de los deberes de comunicación en la responsabilidad parental (Registro nro. 31650)
[ vista simple ]
| 000 -LEADER | |
|---|---|
| fixed length control field | 00447 a2200121 4500 |
| 001 - CONTROL NUMBER | |
| control field | ART_40697 |
| 005 - DATE AND TIME OF LATEST TRANSACTION | |
| control field | 20260410162005.0 |
| 008 - FIXED-LENGTH DATA ELEMENTS--GENERAL INFORMATION | |
| fixed length control field | 260409a |
| 100 1# - MAIN ENTRY--PERSONAL NAME | |
| Personal name | Tanzi, Silvia Y. |
| 245 10 - TITLE STATEMENT | |
| Title | Respuestas del derecho de daños al incumplimiento de los deberes de comunicación en la responsabilidad parental |
| 700 1# - ADDED ENTRY--PERSONAL NAME | |
| Personal name | Fossaceca, Carlos Alberto (h) |
| 773 0# - HOST ITEM ENTRY | |
| Title | Temas de derecho civil |
| Related parts | - Año 2, Nº 11 (nov. 2016) |
| Record control number | REV34778 |
No hay ítems disponibles.